Κράτος πρόνοιας και εκπαίδευση
Αποθηκεύτηκε σε:
| Κύριος συγγραφέας: | |
|---|---|
| Μορφή: | Βιβλίο |
| Γλώσσα: | Greek |
| Δημοσίευση: |
Θεσσαλονίκη :
Κυριακίδης,
1991.
|
| Σειρά: | Παιδαγωγική και εκπαίδευση ;
v.27 |
| Θέματα: | |
| Ετικέτες: |
Προσθήκη ετικέτας
Δεν υπάρχουν, Καταχωρήστε ετικέτα πρώτοι!
|
MARC
| LEADER | 00000cam a2200000 i 4500 | ||
|---|---|---|---|
| 001 | 1/77564 | ||
| 008 | 960807s1991 gr | ||| |||| ||gre|| | ||
| 020 | |a 9603430919 | ||
| 035 | |a 1993 |b 1 |c Χιωτάκης |l 10032693 | ||
| 040 | |a GR-MY-UA |b gre |e aacr | ||
| 041 | 1 | |a gre |k eng |k ger | |
| 082 | 7 | |a 361.65 |2 (22) | |
| 100 | 1 | |a Κελπανίδης, Μιχάλης. | |
| 245 | 1 | 0 | |a Κράτος πρόνοιας και εκπαίδευση / |c Μιχάλης Κελπανίδης ; επιμέλεια, μετάφραση κειμένων από την Αγγλική και Γερμανική: Μ. Κελπανίδης. |
| 260 | |a Θεσσαλονίκη : |b Κυριακίδης, |c 1991. | ||
| 300 | |a 944 σ. : |b εικ. ; |c 21 εκ. | ||
| 490 | 1 | |a (Παιδαγωγική και εκπαίδευση ; |v vol.27) | |
| 650 | 0 | 0 | |a Welfare state. |
| 650 | 0 | 0 | |a Education and state. |
| 700 | 1 | |4 trl |a Κελπανίδης, Μιχάλης, |e edt |e trl | |
| 830 | 0 | |a Παιδαγωγική και εκπαίδευση ; |v v.27 | |
| 852 | |a INST |b RHODES |e 19960807 |h 361.65 ΚΕΛ |p 005400007025 |q 005400007025 |t BK |y 0 | ||
| 852 | |a INST |b RHODES |e 19960807 |h 361.65 ΚΕΛ |p 005400009712 |q 005400009712 |t BK |y 0 | ||
| 852 | |a INST |b RHODES |e 19960807 |h 361.65 ΚΕΛ |p 005400009713 |q 005400009713 |t BK |y 0 | ||
| 909 | |a Ρ |b 025812 | ||
| 909 | |a Ρ |b 025813 | ||
| 909 | |a Ρ |b 025814 | ||
| 970 | |z 2000/07 | ||